LEADER 01303nam 2200433 450 001 9910810567903321 005 20230809234255.0 010 $a3-7369-8574-6 035 $a(CKB)4340000000201429 035 $a(MiAaPQ)EBC5023508 035 $a(EXLCZ)994340000000201429 100 $a20171003h20172017 uy 0 101 0 $aeng 135 $aurcnu|||||||| 181 $2rdacontent 182 $2rdamedia 183 $2rdacarrier 200 10$aContribution to the winding theory $eintroduction of a unified method for the treatment of winding topology /$fvon Mang Cai 205 $a1. Auflage. 210 1$aGİ?ttingen, [Germany] :$cCuvillier Verlag,$d2017. 210 4$dİ2017 215 $a1 online resource (253 pages) $cillustrations 311 $a3-7369-9574-1 320 $aIncludes bibliographical references. 606 $aElectric machinery 606 $aMathematical analysis 606 $aSymmetric functions 615 0$aElectric machinery. 615 0$aMathematical analysis. 615 0$aSymmetric functions. 676 $a621.31042 700 $aCai$b Mang$01684579 801 0$bMiAaPQ 801 1$bMiAaPQ 801 2$bMiAaPQ 906 $aBOOK 912 $a9910810567903321 996 $aContribution to the winding theory$94056160 997 $aUNINA LEADER 02160oas 2200805 a 450 001 9910134713103321 005 20251105213014.0 011 $a1472-2739 035 $a(DE-599)ZDB2037531-1 035 $a(DE-599)2037531-1 035 $a(OCoLC)45866236 035 $a(CONSER) 2001233119 035 $a(CKB)111003155766000 035 $a(EXLCZ)99111003155766000 100 $a20010207a20019999 sy a 101 0 $aeng 135 $aurcn||||||||| 181 $ctxt$2rdacontent 182 $cc$2rdamedia 183 $acr$2rdacarrier 200 10$aAlgebraic & geometric topology 210 $aCoventry, UK $cGeometry & Topology Publications $cMathematics Institute, University of Warwick$d[2001]- 210 3 $aBerkeley, CA $cMathematical Sciences Publishers 300 $aRefereed/Peer-reviewed 300 $aTitle from journal home page (viewed Apr 24, 2001). 311 08$a1472-2747 330 $aAGT is a fully refereed journal covering all of topology, understood broadly. 517 3 $aAlgebraic and geometric topology 517 1 $aAGT 517 1 $aATG 531 0 $aAlgebr. geom. topol. 606 $aAlgebraic topology$vPeriodicals 606 $aTopologie alge?brique$vPe?riodiques 606 $aAlgebraic topology$2fast$3(OCoLC)fst00804941 608 $aText. Serial. Journal. 608 $aPeriodicals.$2fast 608 $aPeriodicals.$2lcgft 615 0$aAlgebraic topology 615 6$aTopologie alge?brique 615 7$aAlgebraic topology. 676 $a514.2 801 0$bCGU 801 1$bCGU 801 2$bGUA 801 2$bOCLCQ 801 2$bINU 801 2$bCLU 801 2$bOCLCQ 801 2$bIUL 801 2$bCGU 801 2$bDLC 801 2$bMUQ 801 2$bCIT 801 2$bOCLCQ 801 2$bOCLCF 801 2$bDLC 801 2$bOCLCQ 801 2$bVT2 801 2$bSFB 801 2$bUBY 801 2$bBWN 801 2$bOCLCQ 801 2$bU3W 801 2$bOCLCQ 801 2$bOCLCL 801 2$bOCLCQ 906 $aJOURNAL 912 $a9910134713103321 996 $aAlgebraic & geometric topology$92050992 997 $aUNINA